Dopisz kolejny wers - Taconafide. - Statystyki

Ogólne statystyki
  • Ten quiz został rozwiązany 239 razy
  • Średni wynik to 5 z 20
Statystyki odpowiedzi
Wykonawca Wers 1 Wers 2 % Poprawnych
Taco Wow, nocą w hotelu jak zwykle cisza Tego już raperzy nie zdradzą ci w teledyskach
72%
Quebo Mój prawnik jest Żydem, mój fryzjer jest gejem Mój brat był dilerem, a siostra jest wege
59%
Dawid Podsiadło Spisz swój testament i mi wyślij DM'em Mogę być, kim pragniesz, ale byle bez ciebie
39%
Taco Taco na fejmie Quebo, Que na renomie Taco, Spece od sentymentów, trochę tu groszy zgarną.
38%
Taco Autografy, w sumie zawsze mam na dłoniach pisak Jestem graczem, te dzieciaki mówią - co tam Izak?
34%
Białas Nie sprzedam duszy za OLIS i nie zrobię dupy kumplowi, nie Proszę, przekażcie to Lucyferowi
32%
Taco Teraz to go boli brzuch, musiał zjadać słowa On by chciał do Hollywood, won do Pacanowa
27%
Quebo Łącz się ze mną w bólu, nie przez Bluetooth Byłem jak Brutus, wbiłem ci w plecy nóż
26%
Quebo Coś nie daje zasnąć moje małe miasto Byłaś czarną magią, ja to Draco Malfoy,
22%
Taco Ja wezmę tytoń, wezmę filtry, ty weź bletki Popijam szprycer, Kuba przelicza cash z "Candy"
22%
Quebo Robią ci drinka w tym shakerze z miętą Mi serce bije tak jak David Guetta
18%
Quebo Tłum, tłum, tłum fanek Tłum, tłum, tłum fanek Ja jak obcy w tym ciele znów mam puls jak Bruce Banner
13%
Taco Co za bajka, żyje w filmie, oni nadal kino Młody Wajda, Młody Spielberg, Młody Tarantino
13%
Quebo i Taco Znowu trzęsę, znowu klubem (znowu pensje, znowu grube) Znowu backstage, znowu weksle (co ci jest Que, znowu smutek?)
13%
Taco Czasem czuję się królewsko jakbym grał u Zizou Czasem, że ktoś inny we mnie siedzi, jak w R2-D2
8%
Paluch Pizgam przebiegi jak kierowca tira, ale postoju nie wymusza tacho Znów tracę prawko, drogowy pirat, bo pisałem wersy do Quebo i Taco
8%
Kękę Siedzę sobie w belwederze na debacie o Polsce Ministrowie w garniturach, a ich oczy pytają
7%
Quebo Polskie rapy, fascynuje mnie ich nieporadność Nie potrzebujemy nagród tak jak Leonardo
7%
Taco Robię SOMĘ i nie męczy mnie już FOMO, ziomek Nie umrę młodo, nieistotne co mój doktor orzekł
7%
Quebo Bez ambicji przegrywają tu jak Benevento "Takie życie, suko" - powiedz tym ewenementom
6%
Nie znaleziono quizów pasujących do podanych kryteriów
Rozkład punktacji
Procent ludzi z każdym wynikiem
Percentyl według liczby udzielonych odpowiedzi
Twoja historia wyników
Nie rozwiązałeś tego quizu